000 00475nam a2200193Ia 4500
003 OSt
005 20250930121620.0
008 250729s2005 xx 000 0 und d
020 _a9788171697427
040 _cAL
041 _aeng
082 _a311.22 PRAP
100 _aPrakash Ravi
_9222863
245 _aProblems of educational research
260 _aNew Delhi
_bCommonwealth Publishers
_c2005
300 _a446p
650 _aEducation
_9222864
942 _2ddc
_cBED
999 _c235643
_d235643